000
00384nam a2200145Ia 4500
008
090124s9999 xx 000 0 und d
082
_b
305223
245
_a
धागे दोरे
250
_a
1
260
_b
जोगळेकर योगिनी
_c
2005
300
_a
205
630
_a
धागे दोरे
730
_a
धागे दोरे
942
_c
BOOK
999
_c
195201
_d
195201